Recettes de potions dans Minecraft par image - Statistiques

Statistiques générales
  • Ce quiz a été pris 111 fois
  • Le résultat moyen est 10 sur 19
Statistiques - réponses
Par images Réponse % Correct
Alambic
86%
Potion de poison
80%
Potion de résistance au feu
75%
Potion de force
70%
Potion de saut
69%
Potion de soin
68%
Potion de régénération
67%
Potion de rapidité
56%
Potion de vision nocturne
55%
Potion étrange
52%
Potion de faiblesse
51%
Potion de respiration aquatique
44%
Potion d'invisibilité
39%
Potion de lenteur
35%
Potion de dégats
34%
Potion de chute lente
33%
Potion du Maître Tortue
33%
Potion épaisse
13%
Potion ordinaire
8%
Aucun quiz correspondant
Distribution des résultats
% des personnes avec chaque résultat
Percentile par nombre de réponses
Votre historique - résultats
Vous n’avez pas pris ce quiz